MARC details
| 000 -LEADER |
| fixed length control field |
02161cam a2200613 a 4500 |
| 001 - CONTROL NUMBER |
| control field |
20084 |
| 003 - CONTROL NUMBER IDENTIFIER |
| control field |
VRT |
| 005 - DATE AND TIME OF LATEST TRANSACTION |
| control field |
20260115153519.0 |
| 008 - FIXED-LENGTH DATA ELEMENTS--GENERAL INFORMATION |
| fixed length control field |
230501s1963 xo aoc grn 000 0 slo |
| 015 ## - NATIONAL BIBLIOGRAPHY NUMBER |
| National bibliography number |
SNBA1964/02-00456 |
| 020 ## - INTERNATIONAL STANDARD BOOK NUMBER |
| Qualifying information |
(viazané) |
| 035 ## - SYSTEM CONTROL NUMBER |
| System control number |
SK01SNK19640016624 |
| 035 ## - SYSTEM CONTROL NUMBER |
| System control number |
48456DED-4FB9-4982-A645-DC1510D213C0 |
| 035 ## - SYSTEM CONTROL NUMBER |
| System control number |
urn:nbn:sk:snk-am00icnk |
| 035 ## - SYSTEM CONTROL NUMBER |
| System control number |
SKM000019087 |
| 039 #9 - LEVEL OF BIBLIOGRAPHIC CONTROL AND CODING DETAIL [OBSOLETE] |
| Level of rules in bibliographic description |
202311091436 |
| Level of effort used to assign nonsubject heading access points |
AUTHORITY |
| Level of effort used to assign subject headings |
202311091436 |
| Level of effort used to assign classification |
AUTHORITY |
| Level of effort used to assign subject headings |
202305011845 |
| Level of effort used to assign classification |
VLOAD |
| Level of effort used to assign subject headings |
202304281446 |
| Level of effort used to assign classification |
VLOAD |
| 040 ## - CATALOGING SOURCE |
| Original cataloging agency |
SNK |
| Language of cataloging |
slo |
| Transcribing agency |
SNK |
| Modifying agency |
SVKBB |
| -- |
SNK |
| Description conventions |
AACR2 |
| 041 0# - LANGUAGE CODE |
| Language code of text/sound track or separate title |
slo |
| Language code of summary or abstract |
eng |
| -- |
ger |
| -- |
hun |
| -- |
rus |
| 043 ## - GEOGRAPHIC AREA CODE |
| Geographic area code |
e-xo--- |
| 044 ## - COUNTRY OF PUBLISHING/PRODUCING ENTITY CODE |
| MARC country code |
xo |
| ISO country code |
SK |
| 072 #7 - SUBJECT CATEGORY CODE |
| Subject category code |
792 |
| Subject category code subdivision |
Divadlo. Divadelné predstavenia |
| Source |
konspekt |
| 080 ## - UNIVERSAL DECIMAL CLASSIFICATION NUMBER |
| Universal Decimal Classification number |
792.05 |
| Edition identifier |
2011 |
| 080 ## - UNIVERSAL DECIMAL CLASSIFICATION NUMBER |
| Universal Decimal Classification number |
(437.6) |
| Edition identifier |
2011 |
| 080 ## - UNIVERSAL DECIMAL CLASSIFICATION NUMBER |
| Universal Decimal Classification number |
(082.2) |
| Edition identifier |
2011 |
| 080 ## - UNIVERSAL DECIMAL CLASSIFICATION NUMBER |
| Universal Decimal Classification number |
(084.11) |
| Edition identifier |
2011 |
| 080 ## - UNIVERSAL DECIMAL CLASSIFICATION NUMBER |
| Universal Decimal Classification number |
792 |
| Edition identifier |
2011 |
| 245 00 - TITLE STATEMENT |
| Title |
20 rokov Divadla SNP v Martine |
| Statement of responsibility, etc. |
zostavil Igor Galanda |
| 246 3# - VARYING FORM OF TITLE |
| Title proper/short title |
Dvadsať rokov Divadla SNP v Martine |
| 250 ## - EDITION STATEMENT |
| Edition statement |
1. vyd. |
| 260 ## - PUBLICATION, DISTRIBUTION, ETC. |
| Place of publication, distribution, etc. |
Bratislava |
| Name of publisher, distributor, etc. |
Osveta |
| Date of publication, distribution, etc. |
1963 |
| 300 ## - PHYSICAL DESCRIPTION |
| Extent |
209 strán |
| Other physical details |
fotografie, ilustrácie, portréty |
| Dimensions |
25 cm |
| 366 ## - TRADE AVAILABILITY INFORMATION |
| Note |
1000 kusov |
| 500 ## - GENERAL NOTE |
| General note |
Vydané pre Divadlo SNP v Martine |
| 504 ## - BIBLIOGRAPHY, ETC. NOTE |
| Bibliography, etc. note |
Bibliografia na strane 157-[205] |
| 546 ## - LANGUAGE NOTE |
| Language note |
Anglické, maďarské, nemecké a ruské resumé |
| 610 27 - SUBJECT ADDED ENTRY--CORPORATE NAME |
| Corporate name or jurisdiction name as entry element |
Divadlo Slovenského národného povstania |
| Source of heading or term |
SNKKA |
| 648 #7 - SUBJECT ADDED ENTRY--CHRONOLOGICAL TERM |
| Chronological term |
1944-1964 |
| Source of heading or term |
SNKPH |
| 650 07 - SUBJECT ADDED ENTRY--TOPICAL TERM |
| Topical term or geographic name entry element |
divadlá |
| Source of heading or term |
SNKPH |
| 650 07 - SUBJECT ADDED ENTRY--TOPICAL TERM |
| Topical term or geographic name entry element |
divadelné umenie |
| Source of heading or term |
SNKPH |
| 650 07 - SUBJECT ADDED ENTRY--TOPICAL TERM |
| Topical term or geographic name entry element |
slovenské divadlo |
| Source of heading or term |
SNKPH |
| 651 #7 - SUBJECT ADDED ENTRY--GEOGRAPHIC NAME |
| Geographic name |
Martin (Slovensko) |
| Source of heading or term |
SNKPHgeo |
| 655 #7 - INDEX TERM--GENRE/FORM |
| Genre/form data or focus term |
jubilejné publikácie |
| Source of term |
SNKPH |
| 655 #7 - INDEX TERM--GENRE/FORM |
| Genre/form data or focus term |
obrazové publikácie |
| Source of term |
SNKPH |
| 700 1# - ADDED ENTRY--PERSONAL NAME |
| Personal name |
Galanda, Igor, |
| Dates associated with a name |
1929-1990 |
| Relationship |
com |
| 710 2# - ADDED ENTRY--CORPORATE NAME |
| Corporate name or jurisdiction name as entry element |
Divadlo Slovenského národného povstania |
| Relationship |
pbl |
| 910 ## - USER-OPTION DATA (OCLC) |
| User-option data |
snk |
| 942 ## - ADDED ENTRY ELEMENTS (KOHA) |
| Source of classification or shelving scheme |
Dewey Decimal Classification |
| Koha item type |
Odborná literatúra pre dospelých |
| Suppress in OPAC |
No |
| 949 ## - LOCAL PROCESSING INFORMATION (OCLC) |
| 6 |
273K0223064 |
| a |
svkpoB 25737 |
| b |
svkpo112965 |
| 949 ## - LOCAL PROCESSING INFORMATION (OCLC) |
| 6 |
17A0883512 |
| a |
snkSC 18481 |
| b |
snkKSP 1/64 |
| s |
6100:20220111 |
| 949 ## - LOCAL PROCESSING INFORMATION (OCLC) |
| 6 |
270001000494591 |
| a |
svkbbS 9904 |
| b |
svkbbm 128432 |
| 949 ## - LOCAL PROCESSING INFORMATION (OCLC) |
| 6 |
17A0888235 |
| a |
snkSC 18481 D1 |
| b |
snkKSP 2/64 |
| 949 ## - LOCAL PROCESSING INFORMATION (OCLC) |
| 6 |
369701000000515 |
| a |
aubbL 2872 |
| b |
aubbL2872 |
| p |
Divadlá - Martin |